00666nam a2200253Ia 4500003000400000005001700004006001800021007000300039008004100042020001500083037001700098040001800115041001300133082001200146100002500158245005300183260004300236300001800279500002700297650002300324650002600347942002000373999001900393OSt20220925194552.0a|||||r|||| 00| 0ta220923b |||||||| |||| 00| 0 eng d a0745616372 cGeneral Book aRTLcRTLbeng 2engaeng aW:5, N8 aAbrahams Ray9251732 0aVigilant citizensb Vigilantism and the state  aCambridgebPolity Press c1998 avi, 192pccm. aBibliography: P 182-88 a Political Science aSocial Justice929730 hW:5, N8cGB2CC c529999d529999